000 00704ngm a22003010a 4500
001 PT19132
003 AR-LpoUNG
005 20210202000258.0
007 vd cvaizq
008 191001s1961||||ag |||||||||||||||||ita d
040 _aAR-LpoUNG
_bspa
_cAR-LpoUNG
_eaacr
041 _aita
_aspa
044 _aag
082 0 _a945.091 595mar
100 1 _aRisi, Dino
_edir.
245 1 3 _aLa marcha sobre Roma
260 _aBuenos Aires :
_bDM,
_c1961.
300 _aVHS (90 min.) : son, col.
650 4 _aHISTORIA
650 4 _aITALIA
650 4 _aSISTEMAS POLITICOS
651 4 _aItalia
653 _aCOMEDIA
653 _aFASCISMO
653 _aVIDEOS
905 _a19132
942 _cVIDEO
999 _c54516
_d54516